000 00256nam a22001217a 4500
008 180910b xxu||||| |||| 00| 0 eng d
041 _aeng
080 _23 ED
_a579
100 _a11
101 _aMIC
245 _aMicrobiology
_cNester.R
942 _2udc
_cBK
999 _c47621
_d47621